Pokémon - Champions d'Arène - Pierrick (N2/B2) - Statistiques

Statistiques générales
  • Ce quiz a été pris 34 fois
  • Le résultat moyen est 64 sur 96
Statistiques - réponses
Hint Réponse % Correct
Type Roche
100%
Type Roche
100%
Type Roche
100%
Type Roche
100%
Type Roche
100%
Type Roche
100%
Type Roche
100%
Type Roche
100%
Type Roche
100%
Type Roche
100%
Type Roche
100%
Type Roche
100%
Capacités Séisme
93%
Capacités Séisme
93%
Capacités Séisme
93%
Capacités Séisme
93%
Type Sol
93%
Type Sol
93%
Type Sol
93%
Type Acier
87%
Type Acier
87%
Type Eau
87%
Type Eau
87%
Capacités Éboulement
87%
Capacités Éboulement
87%
Grolem
87%
Grolem
87%
Capacités Lame de Roc
87%
Capacités Lame de Roc
87%
Capacités Lame de Roc
87%
Capacités Lame de Roc
87%
Capacités Lame de Roc
87%
Capacités Lame de Roc
87%
Onix
87%
Tarinorme
87%
Tarinorme
87%
Aéroptéryx
80%
Type Insecte
80%
Capacités Psykoud'Boul
80%
Relicanth
80%
Relicanth
80%
Type Vol
80%
Talent Brise Moule
73%
Talent Brise Moule
73%
Charkos
73%
Charkos
73%
Capacités Colère
73%
Crabaraque
73%
Capacités Malédiction
73%
Simularbre
73%
Capacités Avalanche
67%
Capacités Cascade
67%
Capacités Coup d'Jus
67%
Capacités Exuviation
67%
Capacités Fracass'Tête
67%
Capacités Martobois
67%
Objet Orbe Vie
67%
Capacités Piège de Roc
67%
Capacités Piège de Roc
67%
Capacités Piège de Roc
67%
Capacités Piège de Roc
67%
Capacités Rayon Gemme
67%
Capacités Telluriforce
67%
Capacités Telluriforce
67%
Capacités Coup Bas
60%
Capacités Coup Bas
60%
Capacités Explosion
60%
Capacités Plaie-Croix
60%
Capacités Gyroballe
53%
Capacités Marto-Poing
53%
Capacités Marto-Poing
53%
Capacités Repos
53%
Capacités Surpuissance
53%
Objet Bandeau Choix
47%
Objet Ceinture Force
47%
Capacités Tempêtesable
47%
Capacités Tempêtesable
47%
Talent Défaitiste
40%
Capacités Exploforce
33%
Capacités Amnésie
27%
Objet Baie Lichii
27%
Objet Baie Lichii
27%
Objet Baie Pocpoc
27%
Capacités Bâillement
27%
Capacités Poliroche
27%
Objet Baie Pomroz
20%
Objet Baie Sailak
20%
Objet Ballon
20%
Capacités Blabla Dodo
20%
Objet Herbe Pouv.
20%
Capacités Hurlement
20%
Capacités Lance-Soleil
20%
Objet Baie Ratam
13%
Capacités Balance
13%
Capacités Vive-Attaque
13%
Objet Baie Lingan
7%
Aucun quiz correspondant
Distribution des résultats
% des personnes avec chaque résultat
Percentile par nombre de réponses
Votre historique - résultats
Vous n’avez pas pris ce quiz